000 00478nam a22001697a 4500
003 OSt
005 20211215155114.0
008 211215b |||||||| |||| 00| 0 eng d
020 _a0-8493-1912-9
040 _cHawassa university
050 _a664.00685/AND
082 _a664.00685/AND
100 _aAndres vasconcellos j.
_923154
245 _aQuality assurance for the food industry a practical approach
260 _aBoca raton
_bCRC press
_c2004
942 _2ddc
_cBOOKS
_n0
999 _c22666
_d22666